01758naa a22002297a 4500003000400000005001700004008004100021040000800062041001300070044000800083080001700091100013000108245027000238260001000508500002100518520041500539650001700954655003000971650002901001773035601030711014201386BPK20190610114327.0141015b1995 pl a|||| |||| 10| 0 pol  cBPP apolbeng aPOL a621.791/.795 aKUKIEŁKA, Leon.d1974 - 1996.bWyższa Szkoła Inżynierska w Koszalinie - Wydział Mechaniczny,cKatedra Maszyn Roboczych aKomputerowa symulacja rozkładu temperatury w obiekcie podczas nagniatania tocznego z elektrokontaktowym nagrzewaniem = bUsing computer for simulation of temperature field in the object during the burnishing rolling process with electric current /cLeon Kukiełka. c1995. aDane z autopsji. aW pracy opisano cieplny proces nagniatania tocznego z elektrokontaktowym nagrzewaniem. Przedstawiono model matematyczny przepływu ciepła w obiekcie podczas obróbki. Omówiono sposób przybliżonego rozwiązania zadania określania rozkładu pól temperatur. Podano wariacyjne sformułowanie równania przepływu ciepła oraz algorytm jego rozwiązania i przykładowe wyniki obliczeń numerycznych. 0aNagniatanie. 0aMateriały konferencyjne. 0aInżynieria powierzchni iW :tTPP'95. Projektowanie procesów technologicznych = Technological process planning : Konferencja Naukowo-Techniczna zorganizaoana z okazji 75 lecia Wydziału Budowy Maszyn Politechniki Poznańskiej oraz Polskiego Wyższego Szkolnictwa Technicznego w Poznaniu : zbiór prac. - : dPoznań : Wydaw. Politechniki Poznańskiej, 1995. -gs. 89-94 aKonferencja Naukowo-Techniczna "Projektowanie procesów technologicznych" TPP'95n(4 ;d1995 ;cPoznań / Czerniejewo, Polska).pTPP'95